Oceania per Letter Quiz Stats

Quiz Updated Jan 20, 2015

Challenge
Share
Tweet
Embed
Score 0/20 Timer 02:00
1 Play Today
Country/Capital Country % Correct
CountryAustralia
96.2%
CountryNauru/New Zealand
95.1%
CountryFiji
92.2%
CountryPalau/Papua New Guinea
87.4%
CountryTonga/Tuvalu
86.1%
CountryVanuatu
86%
CountrySamoa/Solomon Islands
85.3%
CapitalCanberra
84.8%
CountryMarshall Islands/Micronesia
83.2%
CountryKiribati
80.9%
Country/Capital Country % Correct
CapitalWellington
77.6%
CapitalPalikir/Port Moresby/Port Vila
44.3%
CapitalSuva
41.2%
CapitalApia
40.9%
CapitalFunafuti
35.6%
CapitalHoniara
31.1%
CapitalYaren
30.6%
CapitalMajuro
25.7%
CapitalNgerulmud/Nuku'alofa
25.4%
CapitalTarawa
23.8%

You're not logged in!

Compare scores with friends on all Sporcle quizzes.
Join for Free
OR
Log In

You Might Also Like...

Show Comments

Extras

Top Quizzes Today


Score Distribution

Your Account Isn't Verified!

In order to create a playlist on Sporcle, you need to verify the email address you used during registration. Go to your Sporcle Settings to finish the process.

Report this User

Report this user for behavior that violates our Community Guidelines.

Details: